Attain : Student's book

This book is for young adults developing English language skills. It provides practice and exercises to improve vocabulary, grammar and writing skills, and includes speaking and listening tasks. The multi-syllabus approach uses up-to-date topics for teenage students to read and discuss

Uloženo v:
Podrobná bibliografie
Hlavní autor: Wildman, Jayne
Médium: Kniha
Jazyk:Undetermined
Vydáno: Oxford Oxford University Press 2003
Témata:
Tagy: Přidat tag
Žádné tagy, Buďte první, kdo otaguje tento záznam!
Thư viện lưu trữ: Trung tâm Học liệu Trường Đại học Cần Thơ
LEADER 00876nam a2200229Ia 4500
001 CTU_84215
008 210402s9999 xx 000 0 und d
020 |c 166000 
082 |a 428.0071 
082 |b A883us 
100 |a Wildman, Jayne 
245 0 |a Attain : 
245 0 |b Student's book 
245 0 |c Jayne Wildman, David Bolton 
260 |a Oxford 
260 |b Oxford University Press 
260 |c 2003 
520 |a This book is for young adults developing English language skills. It provides practice and exercises to improve vocabulary, grammar and writing skills, and includes speaking and listening tasks. The multi-syllabus approach uses up-to-date topics for teenage students to read and discuss 
650 |a English language 
650 |x Textbooks for foreign speakers 
904 |i H. Mai 
980 |a Trung tâm Học liệu Trường Đại học Cần Thơ